Statistics for Companies That Advertise The Most

Click here to take the quiz!

General Stats

  • This quiz has been taken 2 times
  • The average score is 5 of 20

Answer Stats

Money SpentAnswer% Correct
3.3 bilSamsung
100%
3.8 bilAmazon
50%
5.1 bilChevrolet
50%
4 bilCoca-Cola
50%
4.3 bilFord
50%
3.2 bilGoogle
50%
3.7 bilSony
50%
3.6 bilToyota
50%
3.1 bilAmerican Express
0%
3.6 bilAT&T
0%
2.7 bilChase
0%
8.3 bilGillette
0%
3.6 bilLexus
0%
8.2 bilL'Oreal
0%
4.4 bilLouis Vuitton
0%
3.2 bilNIKE
0%
2.8 bilNissan
0%
8.3 bilPampers
0%
2.9 bilT-Mobile
0%
2.7 bilVerizon
0%

Score Distribution

Percentile by Number Answered

Percent of People with Each Score

Your Score History

You have not taken this quiz